000 00465nam a22001817a 4500
008 151015b xxu||||| |||| 00| 0 eng d
020 _a0470038152
041 0 _aeng
080 _a658.15
100 1 _aJiambalvo, James,
245 1 0 _aManagerial accounting /
_cJames Jiambalvo.
250 _a3rd ed.
260 _aHoboken, NJ :
_bWiley,
_c2007.
300 _axxx, 594 f. :
_bme il.;
_c27 cm.
650 0 _aKontabilitet
650 0 _aMenaxherial
942 _2udc
_cBK
999 _c1305
_d1305